| 000 -LEADER | |
|---|---|
| fixed length control field | 00483nam a22001817a 4500 |
| 005 - DATE AND TIME OF LATEST TRANSACTION | |
| control field | 20251204162254.0 |
| 008 - FIXED-LENGTH DATA ELEMENTS--GENERAL INFORMATION | |
| fixed length control field | 250909b |||||||| |||| 00| 0 eng d |
| 020 ## - INTERNATIONAL STANDARD BOOK NUMBER | |
| ISBN | 978-93-5465-254-7 |
| 041 ## - LANGUAGE CODE | |
| Language code of text/sound track or separate title | eng |
| 082 ## - DEWEY DECIMAL CLASSIFICATION NUMBER | |
| Classification number | 616.0756 MAH-C |
| 100 ## - MAIN ENTRY--AUTHOR NAME | |
| Personal name | MAHESHWARI , NANDA |
| 245 ## - TITLE STATEMENT | |
| Title | CLINICAL BIOCHEMISTRY [3RD ED.] |
| 250 ## - EDITION STATEMENT | |
| Edition statement | 3RD ED, 2022 |
| 260 ## - PUBLICATION, DISTRIBUTION, ETC. (IMPRINT) | |
| Place of publication | NEW DELHI |
| Name of publisher | JAYPEE BROTHERS M. .P. LTD |
| 300 ## - PHYSICAL DESCRIPTION | |
| Number of Pages | 658,P |
| 650 ## - SUBJECT ADDED ENTRY--TOPICAL TERM | |
| Topical Term | PARAMEDICAL |
| General subdivision | BMIRT/BMLT |
| 942 ## - ADDED ENTRY ELEMENTS (KOHA) | |
| Koha item type | Books |
| Lost status | Damaged status | Collection code | Home library | Current library | Shelving location | Date acquired | Source of acquisition | Cost, normal purchase price | Full call number | Accession Number | Koha item type | Serial Enumeration / chronology |
|---|---|---|---|---|---|---|---|---|---|---|---|---|
| PARAMEDICAL | JRU Library | JRU Library | Reference Section | 09/09/2025 | PURCHASE | 800.00 | 616.0756 | 28792 | Books | |||
| PARAMEDICAL | JRU Library | JRU Library | SHELF-104-C | 09/09/2025 | PURCHASE | 800.00 | 616.0756 | 28793 | Books | |||
| PARAMEDICAL | JRU Library | JRU Library | SHELF-104-C | 09/09/2025 | PURCHASE | 800.00 | 616.0756 | 28794 | Books | |||
| PARAMEDICAL | JRU Library | JRU Library | SHELF-104-C | 09/09/2025 | PURCHASE | 800.00 | 616.0756 | 28795 | Books | |||
| PARAMEDICAL | JRU Library | JRU Library | SHELF-104-C | 09/09/2025 | PURCHASE | 800.00 | 616.0756 | 28796 | Books | |||
| Bachelor of Medical Laboratory Technology | JRU Library | JRU Library | SHELF-104-C | 01/12/2025 | PURCHASE | 750.00 | 616.0756 MAH-C | 29210 | Books | LBI-000811/28-11-2025 | ||
| Bachelor of Medical Laboratory Technology | JRU Library | JRU Library | SHELF-104-C | 01/12/2025 | PURCHASE | 750.00 | 616.0756 MAH-C | 29211 | Books | LBI-000811/28-11-2025 | ||
| Bachelor of Medical Laboratory Technology | JRU Library | JRU Library | SHELF-104-C | 01/12/2025 | PURCHASE | 750.00 | 616.0756 MAH-C | 29212 | Books | LBI-000811/28-11-2025 | ||
| Bachelor of Medical Laboratory Technology | JRU Library | JRU Library | SHELF-104-C | 01/12/2025 | PURCHASE | 750.00 | 616.0756 MAH-C | 29213 | Books | LBI-000811/28-11-2025 | ||
| Bachelor of Medical Laboratory Technology | JRU Library | JRU Library | SHELF-104-C | 01/12/2025 | PURCHASE | 750.00 | 616.0756 MAH-C | 29214 | Books | LBI-000811/28-11-2025 |